| Tag |
First Indicator |
Second Indicator |
Subfields |
| LEADER |
00000cgm a2200000Ia 4500 |
| 001 |
in00002781166 |
| 005 |
20150922124218.0 |
| 007 |
vd cvaizm |
| 008 |
030630p19981986ilu071 vleng d |
| 024 |
1 |
|
|a 654930300299
|
| 028 |
4 |
2 |
|a SFD0002
|b Synapse Films
|
| 035 |
|
|
|a (OCoLC)ocn212625918
|
| 035 |
|
|
|a (OCoLC)212625918
|
| 040 |
|
|
|a ACD
|c ACD
|d OCLCQ
|d UNL
|d TXA
|d UtOrBLW
|
| 049 |
|
|
|a TXAM
|
| 090 |
|
|
|a PN1998.3.A74
|b D39 1998
|
| 245 |
0 |
0 |
|a Dario Argento's world of horror /
|c produced by World Sales Compass International ; written and directed by Michele Soavi.
|
| 246 |
3 |
0 |
|a World of horror
|
| 264 |
|
1 |
|a Bloomington, IL :
|b Synapse Films,
|c 1998.
|
| 300 |
|
|
|a 1 videodisc (71 min.) :
|b sound, color ;
|c 4 3/4 in.
|
| 336 |
|
|
|a two-dimensional moving image
|b tdi
|2 rdacontent
|
| 337 |
|
|
|a video
|b v
|2 rdamedia
|
| 338 |
|
|
|a videodisc
|b vd
|2 rdacarrier
|
| 538 |
|
|
|a DVD; NTSC; mono., aspect ratio 1.33:1.
|
| 546 |
|
|
|a Commentary in English, some responses in Italian, subtitles in English.
|
| 511 |
1 |
|
|a Dario Argento, Jennifer Connelly, Mimsy Farmer, Karl Malden, Donald Pleasence, Tom Savini, Michele Soavi.
|
| 508 |
|
|
|a Executive producers, DACFILM Rome ; film editor, Piero Bozza ; assistant director, Claudio Lattanzi.
|
| 500 |
|
|
|a Originally produced as a motion picture in 1986.
|
| 521 |
8 |
|
|a MPAA rating: Not rated.
|
| 520 |
|
|
|a "World of Horror is an incredible visual essay on the films of Dario Argento. Highlighting the early films of his career and containing interviews, amazing behind-the-scenes footage and clips from such films as Deep Red, Phenomena, Tenebrae and Demons ..."--Container.
|
| 500 |
|
|
|a Includes interviews with Dario Argento in Italian with English Subtitles.
|
| 500 |
|
|
|a Videorecording.
|
| 650 |
|
0 |
|a Horror films
|x History and criticism.
|
| 650 |
|
0 |
|a Motion picture producers and directors
|v Biography.
|
| 600 |
1 |
0 |
|a Argento, Dario.
|
| 650 |
|
0 |
|a Motion picture producers and directors
|v Interviews.
|
| 655 |
|
7 |
|a Documentary films.
|2 lcgft
|
| 655 |
|
7 |
|a Nonfiction films.
|2 lcgft
|
| 700 |
1 |
|
|a Argento, Dario.
|
| 700 |
1 |
|
|a Soavi, Michele,
|d 1957-
|
| 700 |
1 |
|
|a Farmer, Mimsy,
|d 1945-
|
| 700 |
1 |
|
|a Malden, Karl.
|
| 700 |
1 |
|
|a Pleasence, Donald.
|
| 700 |
1 |
|
|a Savini, Tom.
|
| 700 |
1 |
|
|a Lattanzi, Claudio.
|
| 700 |
1 |
|
|a Connelly, Jennifer.
|
| 710 |
2 |
|
|a Synapse Films (Firm : Novi, Mich.)
|
| 710 |
2 |
|
|a World Sales Compass International.
|
| 994 |
|
|
|a C0
|b TXA
|
| 948 |
|
|
|a cataloged
|b h
|c 2012/11/6
|d c
|e blrosas
|f 1:02:06 pm
|
| 999 |
|
|
|a MARS
|
| 999 |
f |
f |
|s e8c2b0ad-6ce7-391a-9feb-40bb41ba06a8
|i 80b2e60e-e47f-3177-a0c4-aef8cb2ff0d6
|t 0
|
| 952 |
f |
f |
|p dvd
|a Texas A&M University
|b College Station
|c Sterling C. Evans Library
|d Evans: Media and Reserves (Annex 1st floor)
|t 0
|e PN1998.3.A74 D39 1998
|h Library of Congress classification
|i video -- videodisc
|m A14841594748
|
| 998 |
f |
f |
|a PN1998.3.A74 D39 1998
|t 0
|l Evans: Media and Reserves (Annex 1st floor)
|